| 000 | 01129nam a22002897a 4500 | ||
|---|---|---|---|
| 005 | 20240530110426.0 | ||
| 008 | 150208s2011 ua g b 000 0 ara d | ||
| 017 |
_a2010/13954 _bمصر . دار الكتب المصرية |
||
| 020 | _a9776262236 | ||
| 040 | _aEG-CaGPL | ||
| 041 | 0 | _aara | |
| 082 | 0 | 4 |
_221 _a345.0232\ _bإ ج |
| 100 | 0 | _aابراهيم شاكر محمود الجبورى | |
| 245 | 1 | 0 |
_aجرائم الاعتداء على امن الدولة من الداخل و الخارج / _cابراهيم شاكر محمود الجبورى |
| 250 | _aط1 | ||
| 260 |
_aالقاهرة : _bالمركز القومى للاصارات القانونية ، _c2011 |
||
| 300 |
_a278 ص ؛ _c24 سم |
||
| 504 | _aيشتمل على ارجاعات ببليوجرافية | ||
| 650 | 0 | 4 |
_aالامن القومى _xقوانين و تشريعات |
| 650 | 0 | 4 | _aالامن القومى |
| 650 | 0 | 4 |
_aمصر _xالامن القومى |
| 650 | 0 | 4 | _aالحراسة |
| 650 | 0 | 4 | _aالدفاع المدنى |
| 650 | 0 | 4 | _aالتخريب التدمير |
| 942 |
_2ddc _cBK |
||
| 999 |
_c60761 _d60761 |
||